Noticia de algumas estações e monumentos prehistoricos (Record no. 189530)

MARC details
000 -LEADER
campo de control de longitud fija 01096aam a2200217 i 4500
001 - NÚMERO DE CONTROL
campo de control 189530
003 - IDENTIFICADOR DE NÚMERO DE CONTROL
campo de control SpMaBN
005 - FECHA Y HORA DE LA ÚLTIMA TRANSACCIÓN
campo de control 20230906223508.0
008 - DATOS DE LONGITUD FIJA--INFORMACIÓN GENERAL
campo de control de longitud fija 190607s1878 po af |||| | por d
080 ## - NÚMERO DE LA CLASIFICACIÓN DECIMAL UNIVERSAL
Número de la Clasificación Decimal Universal 903(469)
100 1# - ENTRADA PRINCIPAL--NOMBRE DE PERSONA
Nombre de persona Ribeiro, Carlos.
9 (RLIN) 96751
245 10 - MENCIÓN DEL TÍTULO
Título Noticia de algumas estações e monumentos prehistoricos
Resto del título : memória apresentada á Academia Real das Sciencias de Lisboa /
Mención de responsabilidad, etc. por Carlos Ribeiro ; [com a traducçao em francez].
246 3# - FORMA VARIANTE DEL TITULO
Título propio/Titulo breve Notice sur quelques stations et monuments préhistoriques
260 ## - PUBLICACIÓN, DISTRIBUCIÓN, ETC.
Lugar de publicación, distribución, etc. Lisboa :
Nombre del editor, distribuidor, etc. Typ. da Academia,
Fecha de publicación, distribución, etc. 1878.
300 ## - DESCRIPCIÓN FÍSICA
Extensión 69, 72 p., [1] h., 21 h. de lám. :
Otras características físicas il. ;
Dimensiones 30 cm.
546 ## - NOTA DE IDIOMA
Nota de lengua/lenguaje Texto en portugués y francés (2ª secuencia de 72 p.)
594 ## - Nota al título y mención de responsabilidad
Nota al título y mención de responsabilidad Precede al tít.: Estudos prehistoricos em Portugal.
651 #7 - PUNTO DE ACCESO ADICIONAL DE MATERIA--NOMBRE GEOGRÁFICO
Nombre geográfico Portugal-
Subdivisión general Restos arqueológicos.
9 (RLIN) 137322
710 2# - ENTRADA AGREGADA--NOMBRE DE ENTIDAD CORPORATIVA
Nombre de entidad corporativa o nombre de jurisdicción como elemento de entrada Academia das Ciências de Lisboa.
9 (RLIN) 1159
852 ## - LOCALIZACIÓN
Ubicación ES-MaACL
Número de control de estantería L-32447(3)
Nota libre - Enc. cart.
-- - Legado Federico de Botella y de Hornos
-- - Enc. en 1 vol. facticio, con nombre en el lomo de: "Portugal: geología, memorias y documentos varios"
Holdings
Estatus retirado Estado de pérdida Estado de daño No para préstamo Colección Biblioteca de origen Biblioteca actual Ubicación en estantería Fecha de adquisición Fuente de adquisición Total de préstamos Signatura topográfica completa Código de barras Visto por última vez Precio de reemplazo Tipo de ítem Koha
        Libros del s. XIX Biblioteca del Ateneo de Madrid Biblioteca del Ateneo de Madrid Depósito 2 07/06/2019     L-32447(3) 1200825 23/02/2023 23/02/2023 Libro impreso antiguo